The Weather Outside is Rizzy - Statistics

General Stats
  • This quiz has been taken 170 times
  • The average score is 33 of 89
Answer Stats
Answer % Correct
the
96%
the
96%
the
96%
the
96%
rizz
95%
is
92%
is
92%
is
92%
is
92%
is
92%
weather
90%
outside
88%
skibidi
84%
so
80%
so
80%
rizzy
79%
fire
76%
Ohio
73%
Ohio
73%
Ohio
73%
Ohio
73%
Ohio
73%
Ohio
73%
Ohio
73%
Ohio
73%
Ohio
73%
go
68%
to
67%
to
67%
but
66%
but
66%
But
66%
since
63%
gyatt
59%
and
54%
and
54%
and
54%
I've
48%
no
27%
goon
26%
you
18%
my
16%
streak
16%
be
15%
it
15%
of
14%
in
13%
me
13%
signs
13%
ending
12%
if
12%
has
11%
us
11%
among
10%
Dunne
10%
Livvy
10%
fanum
9%
mewing
9%
as
8%
edging
8%
know
8%
venting
8%
I'm
7%
I'm
7%
suss
7%
all
6%
Fortnite
5%
oi
5%
while
5%
while
5%
baka
4%
CaseOh
4%
Mr.
4%
right
4%
rizzing
4%
Beast
3%
chewing
3%
Dennis
3%
Duke
3%
home
3%
I'll
3%
long
3%
rizzes
3%
slowly
3%
taxes
3%
warm
3%
always
2%
bro
2%
more
2%
No matching quizzes found
Score Distribution
Percent of People with Each Score
Percentile by Number Answered
Your Score History
You have not taken this quiz